000 00709njm a22001697a 4500
005 20220720144636.0
008 190304b xxu||||| |||| 00| 0 spa d
041 _aspa
245 _aBailes de salón latinos paso a paso: Salsa
260 _bNaimara Producciones
300 _a1 CD-ROM
300 _a62:26 minutos
505 _a1. Todo cambió. 2. Heridas de amor. 3. Lo que llegó con la lluvia. 4. Estás enamorándote. 5. Dime quién. 6. Caminando. 7. Tu amigo o tu amante. 8. Cuerpo a cuerpo. 9. Carolina. 10. Búscalo a él. 11. Tu la pagarás. 12. Rosa. 13. Antídoto. 14. Recuerdos de una noche.
650 _aMÚSICA POPULAR
_97685
650 _aSALSA (MÚSICA)
_964103
942 _cMU
999 _c11699
_d11699